000 00474cam a2200205ua 4500
001 10404
005 20260515114623.0
008 190128n ii |||gr||||Z||||||asm
020 _a9788173390819
040 _cMAIN
041 _aasm
082 _a891.4514
100 _aMahendra Bora,
_eAuthor.
245 _aSahitya upacramanika (A)
250 _a8th ed.
260 _aDibrugarh:
_bBanalata,
_c2017.
300 _a180p.
653 _aAssamese literature
942 _cBK
999 _c9384
_d9384